Sports Quiz

Random Sports or Football Quiz

Keegan's Newcastle Signings Quiz Stats

 Plays Quiz not verified by Sporcle

Challenge
Share
Tweet
Embed
Score 0/45 Timer 15:00
0 Plays Today
Club Signed From Player % Correct
Blackburn RoversAlan Shearer
95.2%
QPRLes Ferdinand
92.1%
PSGDavid Ginola
92.1%
AnderlechtPhilippe Albert
89.7%
Charlton AthleticRobert Lee
88.9%
Manchester UnitedKeith Gillespie
86.5%
ParmaTino Asprilla
86.5%
Bristol CityAndy Cole
85.7%
WimbledonWarren Barton
85.7%
EvertonPeter Beardsley
84.1%
Blackburn RoversDavid Batty
80.2%
PortsmouthJohn Beresford
76.2%
ReadingShaka Hislop
73.8%
LiverpoolBarry Venison
69%
FC SionMarc Hottiger
57.9%
LiverpoolMike Hooper
56.3%
SunderlandPaul Bracewell
54%
Leeds UnitedScott Sellars
54%
MillwallMalcolm Allen
51.6%
Oldham AthleticBrian Kilcline
50.8%
QPRRuel Fox
49.2%
Greenock MortonAlex Mathie
48.4%
Derby CountyPaul Kitson
48.4%
Club Signed From Player % Correct
Deportivo la CorunaXisco
47.6%
Lincoln CityDarren Huckerby
44.4%
Deportivo la CorunaFabricio Coloccini
40.5%
BarnsleyMark Robinson
37.3%
MallorcaJonas Gutierrez
37.3%
EvertonKevin Sheedy
34.9%
Wycombe WanderersSteve Guppy
34.9%
LiverpoolDanny Guthrie
33.3%
OFI Nicky Papavasiliou
31.7%
MetzSebastien Bassong
25.4%
Valencia*Ignacio Gonzalez
25.4%
Doncaster RoversMike Jeffrey
23%
Preston North EndChris Holland
23%
WatfordJason Drysdale
18.3%
BohemiansJimmy Crawford
13.5%
Luton TownDarren McDonough
11.9%
Tottenham HotspurPeter Garland
11.1%
UnattachedLamine Diatta
7.9%
ChorleyDavid Eatock
6.3%
AtalantaFabio Zamblera
4%
BK HackensOle Soderberg
3.2%
UnattachedNile Ranger
1.6%

You're not logged in!

Compare scores with friends on all Sporcle quizzes.
Join for Free
OR
Log In

Show Comments

Extras

Top Quizzes Today


Score Distribution

Your Account Isn't Verified!

In order to create a playlist on Sporcle, you need to verify the email address you used during registration. Go to your Sporcle Settings to finish the process.

Report this User

Report this user for behavior that violates our Community Guidelines.

Details: